000 00504nam a2200193 a 4500
001 1777706074467
003 YourLibrary
005 20260502124732.0
008 260502s2010##################000#0#eng##
020 _a9781844077397
082 0 4 _a394.2068
_bJON
100 1 _aJones, Meegan,
_eauthor.
245 1 0 _aSustainable Event Management :
260 _bRoutledge,
_c2010.
300 _a424 pages
650 0 _aBusiness & Economics.
942 _cENGLISH
040 _aYourLibrary
_beng
_cYourLibrary
999 _c621840
_d621840